00210nam a2200085Ia 4500008004100000082001700041100002300058245003000081300001300111230907s9999||||xx |||||||||||||| ||und|| a621.811bSTA aStanisic, Michael. 0aMechanisms and machines : apages cm